| 000 | 00565nam a2200181Ia 4500 | ||
|---|---|---|---|
| 003 | GCL | ||
| 008 | 140319s9999 xx 000 0 ara d | ||
| 040 |
_aGCL / _cGCL |
||
| 082 | 0 | 4 |
_a953 _bح م |
| 100 | 1 | _aحمدى الطاهرى | |
| 245 | 1 | 0 |
_aالموسوعة العربية : الحركات الوحدوية فى العالم العربى / _cحمدى الطاهرى |
| 300 | _a360 ص | ||
| 490 | _a | ||
| 650 | 0 | 4 | _aالعالم العربى |
| 650 | 0 | 4 | _aالقومية العربية |
| 650 | 0 | 4 | _aجامعة الدول العربية |
| 942 |
_2ddc _cBK |
||
| 999 |
_c41980 _d41980 |
||